[Event "Dortmund op-A"]
[Site "Dortmund"]
[Date "1993.??.??"]
[Round "2"]
[White "Tamm, Ulrich"]
[Black "Slobodjan, Roman"]
[Result "0-1"]
[WhiteElo "2295"]
[BlackElo "2440"]

1.d4 d5 2.c4 e6 3.Nc3 c6 4.e3 Nf6 5.Nf3 Nbd7 6.Qc2 Bd6 7.Be2 O-O 8.O-O Re8
9.Rd1 Qe7 10.h3 b6 11.e4 Nxe4 12.Nxe4 dxe4 13.Qxe4 Bb7 14.Bf4 Nf6 15.Qe3 Bxf4
16.Qxf4 c5 17.dxc5 e5 18.Qe3 bxc5 19.Nd2 h6 20.Nb3 Rac8 21.Bf3 e4 22.Be2 Rc7
23.Nd2 Bc6 24.Nb1 Rb7 25.b3 Qe5 26.Nc3 Nd7 27.Nd5 Bxd5 28.cxd5 Rb6 29.Rac1 a6
30.Bc4 Rd6 31.Qe2 Qf6 32.Qe3 Re5 33.Be2 Qh4 34.Bc4 Rg5 35.Kh2 Ne5 36.Be2 Rf5
37.g3 Qf6 38.Kg2 Ng6 39.Rxc5 h5 40.Rc8+ Kh7 41.Rc4 h4 42.Rxe4 hxg3 43.fxg3 Rdxd5
44.Rxd5 Rxd5 45.Bd3 Qc6 46.Kh2 f5 47.Rc4 Qd6 48.Rc3 a5 49.h4 Nxh4 50.Kh3 Ng6
51.Bc2 Qd7 52.Qg5 f4+ 53.Qg4 Rh5+  0-1

[Event "Dortmund op-A"]
[Site "Dortmund"]
[Date "1993.??.??"]
[Round "3"]
[White "Klingelhoefer, Stefan"]
[Black "Trabert, Bettina"]
[Result "1/2-1/2"]
[WhiteElo "2335"]
[BlackElo "2180"]

1.d4 d5 2.c4 e6 3.Nc3 c6 4.e3 Nf6 5.Nf3 Nbd7 6.Qc2 Bd6 7.Be2 O-O 8.b3 dxc4
9.bxc4 e5 10.O-O Re8 11.c5 Bc7 12.Rd1 exd4 13.exd4 Nf8 14.Bg5 Be6 15.Rab1 Rb8
16.d5 Bxd5 17.Nxd5 cxd5 18.Bc4 Qe7 19.Bxd5 Ne6 20.Bxf6 Qxf6 21.Bxb7 Nf4 22.Be4 g6
23.g3 Rxb1 24.Rxb1 Nh3+ 25.Kg2 Ng5 26.Nxg5 Qxg5 27.Rb7 Qe5 28.Bf3 a5 29.Qa4 Re7
30.Qc4 Kg7 31.Bd5 Rd7 32.Bf3 Re7 33.Qd5 Qxd5 34.Bxd5 Kf6 35.f4 Bd8 36.Rb8 Rd7
37.Bb3 Be7 38.Rb6+ Kg7 39.c6 Rc7 40.Ra6 Bb4 41.Bd5 Kf6 42.Kf3 Ke7 43.Ke4 Kd6
44.Bb3 Rxc6 45.Rxc6+ Kxc6 46.Bxf7 Kd6 47.Bg8 h6 48.Bf7 g5  1/2-1/2

[Event "Dortmund op-A"]
[Site "Dortmund"]
[Date "1993.??.??"]
[Round "4"]
[White "Blecken, Volker"]
[Black "Boguslawsky, Maxim"]
[Result "1/2-1/2"]
[WhiteElo "2200"]
[BlackElo "2360"]

1.d4 d5 2.c4 e6 3.Nf3 c6 4.Nc3 Nf6 5.e3 Nbd7 6.Qc2 Bd6 7.Be2 O-O 8.O-O Re8
9.Rd1 Qe7 10.e4 Nxe4 11.Nxe4 dxe4 12.Qxe4 e5 13.Bg5 Qf8 14.Qh4 h6 15.Be3 e4
16.Nd2 g5 17.Qh3 f5 18.c5 Bc7 19.Bc4+ Kg7 20.d5 cxd5 21.Bxd5 Nf6 22.Bd4 Be5
23.Nc4 Bxd4 24.Rxd4 Qxc5 25.Qc3 Kh7 26.Rad1 Rd8 27.Bf7 Rxd4 28.Rxd4 Qe7 29.Rd6 Kg7
30.Bd5 Rb8 31.Qd4 b6 32.a4 Bd7 33.h3 Rc8 34.b4 Rc7 35.g3 Rc8 36.Kg2 Rc7 37.h4 gxh4
38.gxh4 f4 39.f3 exf3+ 40.Kxf3 Bg4+ 41.Kxf4 Rd7 42.Bf3 Rxd6 43.Nxd6 Qe6 44.Be4 Bh3
45.Bf5 Qe1 46.Bxh3 Qxh4+ 47.Ke5 Qxh3 48.Qg1+ Qg4 49.Qxg4+ Nxg4+ 50.Kf4 Nf6
51.Nc8 Nd5+ 52.Ke4 Nxb4 53.Nxa7 Na6 54.Kd5 h5 55.Ke5 Kg6 56.Nc8 Kg5 57.Nxb6 h4
58.Nc4 h3 59.Nd2 Kg4 60.Ke4 Kg3 61.Ke3 Kg2 62.Nf3 Nb4 63.Nh4+ Kg3 64.Nf5+ Kg4
65.Nh6+ Kg3 66.Nf5+ Kg2 67.Nh4+ Kf1 68.Nf3 Nc6 69.Kf4 Kg2 70.Ne1+ Kf2 71.Nf3 Kg2
72.Nh4+ Kf2 73.Nf3 Nd4 74.Ng5  1/2-1/2

[Event "Dortmund op-A"]
[Site "Dortmund"]
[Date "1993.??.??"]
[Round "8"]
[White "Huster, Markus"]
[Black "Kishnev, Sergey"]
[Result "1/2-1/2"]
[WhiteElo "2260"]
[BlackElo "2510"]

1.d4 Nf6 2.Nf3 d5 3.c4 e6 4.Nc3 c6 5.e3 Nbd7 6.Bd3 dxc4 7.Bxc4 b5 8.Bd3 a6
9.e4 c5 10.e5 cxd4 11.Nxb5 Ng4 12.Nbxd4 Qa5+ 13.Bd2 Bb4 14.Be4 Bxd2+ 15.Qxd2 Qxd2+
16.Nxd2 Rb8 17.Nc6 Rxb2 18.Nc4 Nxf2 19.Nxb2 Nxe4 20.Nc4 Ndc5 21.Rd1 Bd7 22.N6a5 f5
23.exf6 gxf6 24.O-O O-O 25.Rfe1 f5 26.Ne5 Bb5 27.Nac4 Kg7 28.Nd6 Nxd6 29.Rxd6 Kf6
30.Rd4 h5 31.Rh4 Ne4 32.Nf3 Kg6 33.Ne5+  1/2-1/2

[Event "Dortmund op-A"]
[Site "Dortmund"]
[Date "1993.??.??"]
[Round "11"]
[White "Lorscheid, Gerhard"]
[Black "Namyslo, Holger"]
[Result "0-1"]
[WhiteElo "2305"]
[BlackElo "2215"]

1.d4 e6 2.Nf3 d5 3.c4 Nf6 4.Nc3 c6 5.e3 Nbd7 6.Be2 dxc4 7.a4 Bb4 8.Bxc4 O-O
9.O-O Qe7 10.a5 e5 11.Qb3 Bd6 12.h3 e4 13.Nd2 b5 14.axb6 Nxb6 15.Qc2 Bf5
16.Re1 Qd7 17.Bf1 Rfe8 18.Na4 Nxa4 19.Qxa4 Nd5 20.Nc4 Bc7 21.Bd2 Re6 22.Ba5 Bb8
23.g3 Rg6 24.Ne5 Bxe5 25.dxe5 Bxh3 26.Qxe4 Bxf1 27.Kxf1 h5 28.Red1 Rg4 29.Qf3 Qe6
30.Rac1 Qxe5 31.Rxc6 Nxe3+ 32.Qxe3 Qb5+ 33.Qd3 Qxc6 34.Qd5 Qxd5 35.Rxd5 h4
36.gxh4 Rxh4 37.Rd7 Rh5 38.Bc3 a5 39.Rc7 a4 40.Kg2 Rb5 41.Rc4 Ra6 42.Rg4 Rg6
43.Rxg6 fxg6  0-1

[Event "Dortmund op-A"]
[Site "Dortmund"]
[Date "1993.??.??"]
[Round "11"]
[White "Krallmann, Matthias"]
[Black "Juergens, Vera"]
[Result "1-0"]
[WhiteElo "2285"]
[BlackElo "2340"]

1.d4 d5 2.c4 c6 3.Nf3 Nf6 4.Nc3 e6 5.e3 Ne4 6.Qc2 f5 7.g3 Bd6 8.Bg2 Nd7 9.b3 O-O
10.Bb2 Ndf6 11.O-O Bd7 12.Ne5 Be8 13.f3 Nxc3 14.Bxc3 Qe7 15.Rae1 Bh5 16.Nd3 Bg6
17.Qd2 Rad8 18.Rd1 h6 19.Qe1 Bh7 20.Bb4 Bxb4 21.Qxb4 Qxb4 22.Nxb4 f4 23.exf4 dxc4
24.bxc4 a5 25.Nd3 Rxd4 26.Nc5 Rxc4 27.Nxb7 Ra4 28.Bh3 Bf5 29.g4 Nd5 30.gxf5 Nxf4
31.Bg2 Rxf5 32.Rd2 Rg5 33.Ra1 Ra3 34.Nd6 Rxf3 35.Ne4 Rg6 36.Ng3 Rc3 37.Rd8+ Kh7
38.Be4 Ne2+ 39.Kf2 Nxg3 40.Bxg6+ Kxg6 41.hxg3 Rc2+ 42.Kf3  1-0

[Event "Dresden op"]
[Site "Dresden"]
[Date "1993.??.??"]
[Round "?"]
[White "Kalinitschew, Sergey"]
[Black "Lau, Ralf"]
[Result "1/2-1/2"]
[WhiteElo "2480"]
[BlackElo "2530"]

1.d4 d5 2.c4 e6 3.Nc3 c6 4.e3 Nf6 5.Nf3 Nbd7 6.Qc2 Bd6 7.Be2 O-O 8.O-O Re8
9.Rd1 Qe7 10.Bd2 a6 11.Rac1 h6 12.h3 Rb8 13.a3 b6 14.e4 Nxe4 15.Nxe4 dxe4
16.Qxe4 c5 17.Bf4 Bb7 18.Bxd6 Qxd6 19.Qe3 Qc7 20.b4 Red8 21.Rd2 cxd4 22.Nxd4 Nf6
23.Rcd1 Rd7 24.Nf3 Rbd8 25.Rxd7 Nxd7 26.Rd2 Nf6 27.Rd4 Rxd4 28.Qxd4 Nd7 29.Nd2 Nf6
30.f4 Nd7 31.Bf3 Bxf3 32.Nxf3 a5 33.Ne5 Nxe5 34.fxe5 axb4 35.axb4 Kf8 36.Kf2 Ke7
37.c5 bxc5 38.bxc5 Ke8 39.g4 Qc6 40.h4 g5 41.hxg5 hxg5 42.Ke3 Qb5 43.Kd2 Qa5+
44.Kd3 Qa6+ 45.Qc4 Qa3+ 46.Kc2 Qa7 47.Qb5+ Kd8 48.Kb3 Ke7 49.Qb6 Qd7 50.Qd6+ Qxd6
51.cxd6+ Kd7 52.Kc4 Kc6 53.Kd4 Kb6 54.Ke3 Kc6 55.Ke4 f5+ 56.exf6 Kxd6 57.Kd4 e5+  1/2-1/2

[Event "Drobeta"]
[Site "Drobeta"]
[Date "1993.??.??"]
[Round "?"]
[White "Botvinnik, Ilia"]
[Black "Leustean, Laurentiu"]
[Result "1-0"]
[WhiteElo "2395"]
[BlackElo "2225"]

1.d4 d5 2.c4 c6 3.Nc3 e6 4.e3 Nf6 5.Nf3 Nbd7 6.Bd3 Bb4 7.O-O O-O 8.Bd2 Qe7
9.Qc2 dxc4 10.Bxc4 e5 11.a3 Bd6 12.h3 h6 13.Ba2 e4 14.Nh4 Nb6 15.Ng6  1-0

[Event "Narancs Cup"]
[Site "Eger"]
[Date "1993.??.??"]
[Round "2"]
[White "Kiss, Pal"]
[Black "Feher, Gyula"]
[Result "1/2-1/2"]
[WhiteElo "2420"]
[BlackElo "2380"]

1.d4 d5 2.c4 c6 3.Nc3 Nf6 4.e3 e6 5.Nf3 Nbd7 6.Qc2 Bd6 7.b3 O-O 8.Be2 dxc4
9.bxc4 e5 10.O-O Re8 11.Rd1 Qe7 12.Rb1 exd4 13.exd4 Nf8 14.h3  1/2-1/2

[Event "Narancs Cup"]
[Site "Eger"]
[Date "1993.??.??"]
[Round "4"]
[White "Seres, Lajos"]
[Black "Paal, Attila"]
[Result "1-0"]
[WhiteElo "2340"]
[BlackElo "2205"]

1.Nf3 e6 2.c4 Nf6 3.d4 d5 4.Nc3 c6 5.e3 Ne4 6.Bd3 f5 7.Ne5 Qf6 8.O-O Be7
9.f3 Nxc3 10.bxc3 O-O 11.e4 Nd7 12.Bf4 Nxe5 13.Bxe5 Qf7 14.Qb3 dxc4 15.Bxc4 b5
16.Bd3 Bd7 17.a4 bxa4 18.Qb7 Bf6 19.Bd6 Rfc8 20.Rxa4 c5 21.Rxa7 Rxa7 22.Qxa7 cxd4
23.cxd4 Rc3 24.Rd1 Bc8 25.Qa4 Bg5 26.f4 Be7 27.Be5 h6 28.d5 Ra3 29.Qc2 Bd7
30.dxe6 Bxe6 31.exf5 Bb3 32.Qc8+ Bf8 33.Rc1 Qd5 34.Bc4 Bxc4 35.Qxc4 Rd3 36.Qxd5+ Rxd5
37.Rc7 Ra5 38.Kf2 Ra3 39.Rc8 Ra2+ 40.Kf3 Kf7 41.Rc7+ Kg8 42.h3 Ra3+ 43.Kg4 Ra2
44.g3 Ra3 45.Rc8 Rd3 46.Rc7 Rb3 47.Kh4 Rb6 48.Kh5 Rb3 49.g4 Rxh3+ 50.Kg6 Rg3
51.g5 hxg5 52.fxg5 Rb3 53.Bxg7 Rb6+  1-0

[Event "Narancs Cup"]
[Site "Eger"]
[Date "1993.??.??"]
[Round "10"]
[White "Seres, Lajos"]
[Black "Horvath, Peter"]
[Result "1-0"]
[WhiteElo "2340"]
[BlackElo "2290"]

1.d4 d5 2.c4 c6 3.Nf3 Nf6 4.Nc3 e6 5.e3 Bd6 6.Bd3 Nbd7 7.O-O O-O 8.e4 dxe4
9.Nxe4 Nxe4 10.Bxe4 Nf6 11.Bc2 Qc7 12.Qd3 Bf4 13.Re1 b6 14.Ne5 Bxc1 15.Ng4 Ne4
16.Raxc1 f5 17.Qe3 Nf6 18.Ne5 c5 19.dxc5 Qxc5 20.Qxc5 bxc5 21.Nd3 Ne4 22.f3 Nd6
23.b3 Nb7 24.Re5 Rd8 25.Rd1 a5 26.Nxc5 Rxd1+ 27.Bxd1 Nxc5 28.Rxc5  1-0

[Event "Eger"]
[Site "Eger"]
[Date "1993.??.??"]
[Round "11"]
[White "Kiss, Pal"]
[Black "Krockenberger, Martin"]
[Result "1-0"]
[WhiteElo "2420"]
[BlackElo "2305"]

1.d4 d5 2.c4 c6 3.Nc3 Nf6 4.e3 e6 5.Nf3 Nbd7 6.Qc2 Bd6 7.b3 O-O 8.Be2 Re8
9.O-O e5 10.cxd5 Nxd5 11.Nxd5 cxd5 12.dxe5 Nxe5 13.Bb2 Nxf3+ 14.Bxf3 Qg5
15.Rfd1 Be6 16.Qd2 Rad8 17.Qd4 b6 18.Rd2 Rd7 19.Rad1 Red8 20.g3 Bc5 21.Qe5 Qxe5
22.Bxe5 f6 23.Bd4 Bb4 24.Rc2 Bf5 25.Rc6 Kf8 26.g4 Be4 27.Be2 Kf7 28.f3 Bg6
29.h4 h5 30.g5 fxg5 31.hxg5 Bf5 32.Bb5 Re7 33.Bd3 Bxd3 34.Rxd3 Rd6 35.Rc8 Kg6
36.f4 Kf5 37.Kf2 Rdd7 38.Kf3 Rc7 39.Rf8+ Rf7 40.Rd8 Rfd7 41.Rxd7 Rxd7 42.Bb2 Bc5
43.Rxd5+ Rxd5 44.e4+ Kg6 45.exd5 Kf7 46.f5 g6 47.Ke4 h4 48.Be5 h3 49.d6 gxf5+
50.Kxf5 Bd4 51.g6+  1-0

[Event "ESP-chT"]
[Site "?"]
[Date "1993.??.??"]
[Round "?"]
[White "Bernal Moro, Luis Javier"]
[Black "Morovic Fernandez, Ivan"]
[Result "1/2-1/2"]
[WhiteElo "2385"]
[BlackElo "2575"]

1.d4 d5 2.c4 c6 3.Nc3 Nf6 4.e3 e6 5.Nf3 Nbd7 6.Bd3 dxc4 7.Bxc4 b5 8.Be2 Bb7
9.O-O b4 10.Na4 c5 11.dxc5 Bxc5 12.b3 Be7 13.Bb2 O-O 14.Rc1 Qa5 15.Nd2 Rad8
16.Bf3 Bxf3 17.Qxf3 Ne5 18.Qe2 Nd3 19.Rc2 Nxb2 20.Rxb2 Nd5 21.Nc4 Qb5 22.Rc2 Bf6
23.e4 Nc3 24.Nxc3 Bxc3 25.Rd1 Rxd1+ 26.Qxd1 Qg5 27.Qf3 Rd8 28.g3 Rd4 29.Kg2 Qd8
30.Re2 h6 31.Ne5 Qc7 32.Nc4 Qc5 33.Re3 a5 34.Rd3 a4 35.Qe3 e5 36.Qf3 g6 37.Rd1 Kg7
38.Ne3 Rxd1 39.Qxd1 Bd4 40.Nd5 a3 41.Qf3 Qd6 42.g4 Bc5 43.Qd3 Qd8 44.Qc2 Bf8
45.Kg3 Be7 46.h3 Bd6 47.Qc6 h5  1/2-1/2

[Event "ESP-chT"]
[Site "?"]
[Date "1993.??.??"]
[Round "?"]
[White "Acebal, Antonio"]
[Black "Morovic Fernandez, Ivan"]
[Result "0-1"]
[WhiteElo "2280"]
[BlackElo "2575"]

1.Nf3 d5 2.d4 Nf6 3.c4 c6 4.Nc3 e6 5.e3 Nbd7 6.Qc2 Bd6 7.e4 e5 8.exd5 cxd5
9.Nxe5 Nxe5 10.dxe5 Bxe5 11.cxd5 O-O 12.Bd3 Bxc3+ 13.bxc3 Qxd5 14.O-O Rd8
15.Be3 Bh3 16.gxh3 Qxd3 17.Qxd3 Rxd3 18.Rfd1 Rxc3 19.Bd4 Ra3 20.Bxf6 gxf6
21.Rd7 b5 22.Re1 Rxa2 23.Ree7 Rf8 24.Rxa7 Rxa7 25.Rxa7 Rb8 26.Ra3 b4 27.Rb3 f5
28.Kg2 Kg7 29.Kf3 Kf6 30.Kf4 h5 31.Kf3 Ke5 32.Ke3 f4+ 33.Ke2 Ke4 34.Ke1 f5
35.Ke2 f3+ 36.Ke1 f4 37.h4 Kf5 38.Kd2 Ke4 39.h3 Rd8+ 40.Kc2 Rd4 41.Kc1 Kd5
42.Kc2 Rc4+ 43.Kd2 Kc5 44.Rxf3 Kb5 45.Rd3 Ka4 46.Rd8 b3 47.Kd3 Rc5 48.Kd4 Kb4  0-1

[Event "ESP-chT"]
[Site "?"]
[Date "1993.??.??"]
[Round "?"]
[White "Fernandez, Juan C"]
[Black "Mari Sancho, Rafael"]
[Result "1-0"]
[WhiteElo "2395"]
[BlackElo "2270"]

1.Nf3 d5 2.c4 c6 3.d4 Nf6 4.Nc3 e6 5.e3 Be7 6.Qc2 Nbd7 7.cxd5 exd5 8.Be2 O-O
9.O-O b6 10.Rd1 Bb7 11.Bd2 Bd6 12.Be1 Qe7 13.Rac1 Ne4 14.Nxe4 dxe4 15.Nd2 Nf6
16.a3 Rfd8 17.g3 c5 18.dxc5 Bxc5 19.b4 Bd6 20.Nc4 Rac8 21.Qb2 Nd5 22.Nxd6 Rxd6
23.Rxc8+ Bxc8 24.Qd4 Bb7 25.Bc3 f6 26.Bb2 h6 27.Bg4 g6 28.b5 Kg7 29.h4 h5
30.Bh3 Rd8 31.Bg2 Re8 32.Rc1 Kh6 33.Bf1 Nc7 34.Qxf6 Qxf6 35.Bxf6 Ne6 36.Rd1 Nc5
37.Rd6 Re6 38.Bg5+ Kg7 39.Rd8 Re5 40.Bc4 a6 41.Rg8+ Kh7 42.Bf6  1-0

[Event "Espoo op"]
[Site "Espoo"]
[Date "1993.??.??"]
[Round "6"]
[White "Manninen, Marko"]
[Black "Hakulinen, Esko Matti"]
[Result "1-0"]
[WhiteElo "2380"]
[BlackElo "2355"]

1.d4 d5 2.c4 e6 3.Nc3 Nf6 4.Nf3 c6 5.e3 Nbd7 6.Qc2 Bd6 7.g4 dxc4 8.Bxc4 b5
9.Be2 Bb7 10.g5 Nd5 11.Ne4 Be7 12.Bd2 Rc8 13.Nc5 Nxc5 14.dxc5 Qc7 15.Bd3 Rd8
16.O-O-O h6 17.h4 a5 18.a4 b4 19.g6 Bf6 20.gxf7+ Kxf7 21.e4 Nf4 22.Bc4 Be5
23.Kb1 Bc8 24.h5 Rhf8 25.Qb3 Ke7 26.Nh4 Rf7 27.Bxf4 Rxd1+ 28.Rxd1 Bxf4 29.Ng6+ Ke8
30.Bxe6 Re7 31.Bxc8  1-0

[Event "Eupen op"]
[Site "Eupen"]
[Date "1993.??.??"]
[Round "5"]
[White "Cifuentes Parada, Roberto"]
[Black "Bagirov, Vladimir"]
[Result "1/2-1/2"]
[WhiteElo "2480"]
[BlackElo "2530"]

1.c4 c6 2.Nf3 d5 3.e3 Nf6 4.Nc3 e6 5.d4 Nbd7 6.Bd3 dxc4 7.Bxc4 b5 8.Bd3 b4
9.Ne4 Nxe4 10.Bxe4 Qb6 11.O-O Nf6 12.Bd3 Bb7 13.Qe2 Be7 14.e4 c5 15.e5 Nd7
16.Be3 O-O 17.dxc5 Nxc5 18.Bxc5 Qxc5 19.Be4 Bxe4 20.Qxe4 Rac8 21.Nd4 Rfd8
22.Rad1 g6 23.Nb3 Qc2 24.Rxd8+ Bxd8 25.Qxb4 Bb6 26.Nd2 Rd8 27.Ne4 Rd1 28.g3 Kg7
29.Rxd1 Qxd1+ 30.Kg2 Qd5 31.f4 Bd4 32.Kf3 Bxb2 33.Qb3 Qxb3+ 34.axb3 Kf8 35.Ke3 h6
36.h4 Ke7 37.Kd3 Kd7 38.Nf6+ Kd8 39.Ng8 h5 40.Nf6 a6 41.Ne4 a5 42.Nc5  1/2-1/2

[Event "FIN-ch"]
[Site "FIN"]
[Date "1993.??.??"]
[Round "?"]
[White "Norri, Joose"]
[Black "Paldanius, Pekka"]
[Result "1-0"]
[WhiteElo "2400"]
[BlackElo "2245"]

1.d4 Nf6 2.c4 e6 3.Nf3 d5 4.Nc3 c6 5.e3 Nbd7 6.Bd3 dxc4 7.Bxc4 b5 8.Bd3 Bb7
9.e4 b4 10.Na4 c5 11.e5 Nd5 12.O-O Rc8 13.dxc5 Bxc5 14.Re1 Be7 15.Nd4 Qa5
16.Bd2 Nc7 17.a3 Rb8 18.Qg4 Qd5 19.Bf1 Nxe5 20.Qxg7 Ng6 21.Bxb4 Qg5 22.Bxe7 Kxe7
23.h4 Qf4 24.Nc5 Rbg8 25.Ndxe6 Qxh4 26.Nxc7+ Kd6 27.Nxb7+ Kxc7 28.Qxf7+ Kb8
29.Nd6  1-0

[Event "FIN-chT"]
[Site "FIN"]
[Date "1993.??.??"]
[Round "?"]
[White "Manninen, Marko"]
[Black "Pulkkinen, Kari"]
[Result "1-0"]
[WhiteElo "2380"]
[BlackElo "2265"]

1.d4 d5 2.c4 c6 3.Nc3 Nf6 4.Nf3 e6 5.e3 Nbd7 6.Qc2 Bd6 7.g4 dxc4 8.Bxc4 b5
9.Bd3 Bb7 10.g5 Nd5 11.Ne4 Be7 12.Bd2 Nb4 13.Bxb4 Bxb4+ 14.Ke2 Be7 15.Rhg1 c5
16.dxc5 Qc7 17.Nd4 Nxc5 18.Rac1 Rc8 19.b4 Nxd3 20.Qxd3 Qb6 21.Rxc8+ Bxc8
22.Rc1 O-O 23.Nc6 Bd8 24.Nd6 Bd7 25.Ne5 Be8 26.Nxe8 Rxe8 27.Qd7 Rf8 28.Rc6 Qb8
29.f4 Bb6 30.Nxf7 Qe8 31.Qxe8 Rxe8 32.Nd6 Rb8 33.Rc8+ Rxc8 34.Nxc8 Kf8 35.Kd3 g6
36.Ke4 Kf7 37.Nxb6 axb6 38.Ke5 Ke7 39.e4  1-0

[Event "FIN-SWE"]
[Site "FIN"]
[Date "1993.??.??"]
[Round "1"]
[White "Engqvist, Thomas"]
[Black "Pulkkinen, Kari"]
[Result "1/2-1/2"]
[WhiteElo "2420"]
[BlackElo "2265"]

1.d4 Nf6 2.Nf3 e6 3.c4 d5 4.Nc3 c6 5.e3 Nbd7 6.Qc2 Bd6 7.Be2 O-O 8.O-O Qe7
9.Bd2 dxc4 10.Bxc4 e5 11.Bb3 e4 12.Ng5 Bxh2+ 13.Kxh2 Ng4+ 14.Kg1 Qxg5 15.Qxe4 Ndf6
16.Qf4 Qh4 17.Qg3 Qxg3 18.fxg3 Be6 19.Bc2 Rfd8 20.Rad1 Rac8 21.Bc1 Nd5 22.Nxd5 cxd5
23.Bd3 Nf6 24.Bd2 Ne4 25.Bxe4 dxe4 26.a3 Bc4  1/2-1/2

[Event "Forli op"]
[Site "Forli"]
[Date "1993.??.??"]
[Round "1"]
[White "Beggi, Pierluigi"]
[Black "Novikov, Igor A"]
[Result "0-1"]
[WhiteElo "2235"]
[BlackElo "2545"]

1.d4 d5 2.c4 e6 3.Nc3 c6 4.e3 Nf6 5.Nf3 Nbd7 6.cxd5 exd5 7.Bd3 Bd6 8.O-O O-O
9.e4 dxe4 10.Nxe4 Nxe4 11.Bxe4 h6 12.Bc2 Re8 13.Qd3 Nf8 14.h3 Be6 15.Re1 Qc7
16.Bd2 Rad8 17.Bb3 Qd7 18.Rad1 Bc7 19.Bc1 Bxb3 20.Qxb3 Bb6 21.Rxe8 Qxe8 22.Be3 Rd5
23.Qc2 Ne6 24.b4 Qd8 25.Qc4 Qd6 26.a4 a6 27.Qc3 Bd8 28.Rb1 f5 29.g3 f4 30.gxf4 Nxf4
31.Bxf4 Qg6+ 32.Kh2 Qxb1 33.Qe3 Qg6 34.Ne5 Qe6 35.Ng4 Qxe3 36.fxe3 Be7 37.Be5 Bxb4
38.e4 Rd7 39.Ne3 Bc3 40.Nf5 c5  0-1

[Event "Forli op"]
[Site "Forli"]
[Date "1993.??.??"]
[Round "6"]
[White "Tocchioni, Doriano"]
[Black "Payen, Arnaud"]
[Result "1/2-1/2"]
[WhiteElo "2235"]
[BlackElo "2285"]

1.d4 d5 2.Nf3 c6 3.c4 e6 4.e3 Nf6 5.Nc3 Nbd7 6.Qc2 Bd6 7.g4 dxc4 8.Bxc4 b5
9.Be2 b4 10.Na4 Bb7 11.g5 Nd5 12.Bd2 a5 13.Rg1 Qe7 14.Rg4 Rc8  1/2-1/2

[Event "Forli op"]
[Site "Forli"]
[Date "1993.??.??"]
[Round "8"]
[White "Arlandi, Ennio"]
[Black "Godena, Michele"]
[Result "1-0"]
[WhiteElo "2440"]
[BlackElo "2505"]

1.d4 d5 2.c4 c6 3.Nc3 Nf6 4.e3 e6 5.Nf3 Nbd7 6.Qc2 Bd6 7.Be2 O-O 8.O-O dxc4
9.Bxc4 Qe7 10.h3 e5 11.Bb3 Bb8 12.Bd2 h6 13.Nh4 Rd8 14.Nf5 Qf8 15.Rad1 exd4
16.exd4 Nb6 17.Ne4 Nxe4 18.Qxe4 Bxf5 19.Qxf5 Nd5 20.Rfe1 Bc7 21.h4 Qd6 22.g3 g6
23.Qf3 h5 24.Re5 Rd7 25.Rde1 Kg7 26.Bg5 Rg8 27.Be7 Qxe5 28.dxe5 Rxe7 29.Bxd5 cxd5
30.Qf6+ Kf8 31.Rc1 Re6 32.Rxc7  1-0

[Event "FRA"]
[Site "FRA"]
[Date "1993.??.??"]
[Round "?"]
[White "Anic, Darko"]
[Black "Flear, Glenn C"]
[Result "0-1"]
[WhiteElo "2415"]
[BlackElo "2510"]

1.Nf3 d5 2.d4 Nf6 3.c4 c6 4.Nc3 e6 5.e3 Nbd7 6.Bd3 dxc4 7.Bxc4 b5 8.Bd3 a6
9.e4 c5 10.d5 c4 11.Bc2 Qc7 12.Qe2 Bd6 13.Nd4 Nc5 14.dxe6 fxe6 15.a4 b4 16.Ncb5 axb5
17.Nxb5 Qb8 18.Nxd6+ Qxd6 19.e5 Nd3+ 20.Bxd3 cxd3 21.Qe3 Qd5 22.exf6 Qxg2
23.Rf1 gxf6 24.Bd2 Ra5 25.f4 Rc5 26.Qxd3 Qxh2 27.a5 Qh4+ 28.Kd1 e5 29.Bxb4 Bg4+
30.Kd2 Qh2+ 31.Ke1 Rd5 32.Qe3 Qxb2 33.Bc3 Qc2 34.Rf2 Qd1+  0-1

[Event "FRA"]
[Site "FRA"]
[Date "1993.??.??"]
[Round "?"]
[White "Anic, Darko"]
[Black "Szabolcsi, Janos"]
[Result "0-1"]
[WhiteElo "2415"]
[BlackElo "2380"]

1.Nf3 d5 2.d4 Nf6 3.c4 c6 4.Nc3 e6 5.e3 Nbd7 6.Bd3 dxc4 7.Bxc4 b5 8.Bd3 a6
9.e4 c5 10.d5 e5 11.b3 c4 12.bxc4 Bb4 13.Bd2 bxc4 14.Bc2 Qa5 15.Na4 c3 16.Be3 Nxe4
17.O-O Nef6 18.Nxe5 Nxe5 19.Bb6 Qxd5 20.Re1 Qxd1 21.Raxd1 O-O 22.Rxe5 Be6
23.Rd4 a5 24.a3 Bxa3 25.Rxa5 Nd7 26.Rh4 g6 27.Rxa8 Rxa8 28.Bd4 Be7 29.Re4 Bf5
30.Rxe7 Bxc2 31.Rxd7 Bxa4 32.Ra7 Rd8  0-1

[Event "FRA"]
[Site "FRA"]
[Date "1993.??.??"]
[Round "?"]
[White "Belotti, Bruno"]
[Black "Pinter, Jozsef"]
[Result "1/2-1/2"]
[WhiteElo "2410"]
[BlackElo "2580"]

1.d4 Nf6 2.c4 e6 3.Nf3 d5 4.Nc3 c6 5.e3 Nbd7 6.Qc2 Bd6 7.Be2 O-O 8.b3 Re8
9.O-O Qe7 10.Rd1 dxc4 11.bxc4 e5 12.Rb1 e4 13.Nd2 Nf8 14.Nf1 Ng6 15.a4 Nh4
16.Ng3 Nf5 17.Rb3 Nxg3 18.hxg3 h5 19.c5 Bc7 20.d5 cxd5 21.Nxd5 Nxd5 22.Rxd5 Be6
23.Qxe4 Bxd5 24.Qxd5 Qe5 25.Qxe5 Rxe5 26.Rxb7 Rxc5 27.Ba3 Rc3 28.Bb2 Rc2
29.Bd1 Rc5 30.Ba3 Rc3 31.Bb2 Rc5 32.Ba3 Rc3 33.Bb2  1/2-1/2

[Event "FRA"]
[Site "FRA"]
[Date "1993.??.??"]
[Round "?"]
[White "Kallai, Gabor"]
[Black "Pinter, Jozsef"]
[Result "1/2-1/2"]
[WhiteElo "2450"]
[BlackElo "2580"]

1.d4 Nf6 2.c4 e6 3.Nf3 d5 4.Nc3 c6 5.e3 Nbd7 6.Qc2 Bd6 7.Be2 O-O 8.O-O Re8
9.Rd1 Qe7 10.h3 b6 11.e4 Nxe4 12.Nxe4 dxe4 13.Qxe4 Bb7 14.Bf4 Nf6 15.Qe3 Rad8
16.Bxd6 Rxd6 17.Rd2 Red8 18.Rad1 h6 19.Ne5 Qc7 20.Bf3 a5 21.b3 Re8 22.Qc3 Ra8
23.Qe3 Rdd8 24.Qc3 Rac8 25.Qe3 Qe7 26.Qc3 Rc7 27.g3 Qa3 28.Kg2 Rcc8 29.Qe3 Qb4
30.Kh2 Ba8 31.Kg2 a4 32.bxa4 Qxa4 33.Qb3 Qa7 34.a4 Qc7 35.Qe3 Rb8 36.Qc3 Rdc8
37.Ra1 Rd8 38.Ng4 Nxg4 39.hxg4 c5 40.d5 exd5 41.cxd5 Rd6 42.Qe5 Qd7 43.Qf5 Qxf5
44.gxf5 Rc8 45.Rb1 c4 46.Rb5 Kf8 47.Rc2 Ke7 48.a5 bxa5 49.Rxa5 Kf6 50.Ra4 Bxd5
51.Bxd5 Rxd5 52.Raxc4 Rxc4 53.Rxc4 Rxf5  1/2-1/2

[Event "FRA"]
[Site "FRA"]
[Date "1993.??.??"]
[Round "?"]
[White "Chabanon, Jean Luc"]
[Black "Flear, Glenn C"]
[Result "1/2-1/2"]
[WhiteElo "2425"]
[BlackElo "2510"]

1.d4 d5 2.c4 c6 3.Nf3 Nf6 4.Nc3 e6 5.e3 Nbd7 6.Qc2 Bd6 7.Be2 O-O 8.O-O Re8
9.Rd1 Qe7 10.b3 dxc4 11.bxc4 e5 12.Rb1 e4 13.Nd2 Nf8 14.f3 exf3 15.Nxf3 Ng6
16.c5 Bc7 17.Bc4 Ng4 18.e4 Nh4 19.Ng5 Bxh2+ 20.Kh1 Nf5 21.exf5 Qe1+ 22.Bf1 Qh4
23.Nh3 Bc7 24.g3 Bxg3 25.Bg5 Qh5 26.Rd2 Ne3 27.Bxe3 Bxf5 28.Qd1 Bg4 29.Ne2 Rxe3
30.Rb3 Rae8 31.Rxe3 Rxe3 32.Nxg3 Qd5+ 33.Bg2 Qe6 34.d5 cxd5 35.Qa4 Rxg3 36.Qxa7 Qe1+
37.Ng1 h5 38.Qb8+ Kh7 39.Qf4 Re3 40.Rxd5 Qh4+ 41.Nh3 Rxh3+  1/2-1/2

[Event "FRA"]
[Site "FRA"]
[Date "1993.??.??"]
[Round "?"]
[White "Pira, Davoud"]
[Black "Daillet, Emmanuel"]
[Result "1-0"]
[WhiteElo "2350"]
[BlackElo "2315"]

1.d4 Nf6 2.Nf3 d5 3.c4 e6 4.Nc3 c6 5.e3 Be7 6.Bd3 Nbd7 7.O-O O-O 8.b3 Bd6
9.Qc2 h6 10.Rd1 Qe7 11.h3 b6 12.cxd5 exd5 13.e4 dxe4 14.Nxe4 Nxe4 15.Bxe4 Bb7
16.Re1 Qd8 17.Ne5 Nxe5 18.dxe5 Be7 19.Re3 Bg5 20.Rd3 Qe7 21.f4 f5 22.Bxc6 Rac8
23.Rc3 Bxc6 24.Rxc6 Qd7 25.Rxc8 Rxc8 26.Qd2 Qxd2 27.Bxd2 Rc2 28.fxg5 Rxd2
29.g6 Kf8 30.Rf1 Ke7 31.Rxf5 Ke6 32.Rf7 Rxa2 33.Rxg7 Kxe5 34.Rf7 Ke6  1-0

[Event "Troll Masters"]
[Site "Gausdal"]
[Date "1993.??.??"]
[Round "1"]
[White "Pritchett, Craig William"]
[Black "Kristensen, Bjarke"]
[Result "1/2-1/2"]
[WhiteElo "2360"]
[BlackElo "2445"]

1.Nf3 d5 2.c4 c6 3.d4 Nf6 4.Nc3 e6 5.e3 Nbd7 6.Qc2 Bd6 7.Be2 O-O 8.O-O Re8
9.Rd1 b6 10.e4 Nxe4 11.Nxe4 dxe4 12.Qxe4 Bb7 13.Bf4 Nf6 14.Qe3 Ng4 15.Qd2 Qc7
16.Bxd6 Qxd6 17.b4 Rad8 18.c5 Qe7 19.h3 Nf6 20.Ne5 Nd5 21.Nc4 Ba6 22.a4  1/2-1/2

[Event "Troll Masters"]
[Site "Gausdal"]
[Date "1993.??.??"]
[Round "1"]
[White "Tisdall, Jonathan D"]
[Black "Skembris, Spyridon"]
[Result "1/2-1/2"]
[WhiteElo "2425"]
[BlackElo "2560"]

1.Nf3 Nf6 2.c4 c6 3.d4 d5 4.Nc3 e6 5.e3 Nbd7 6.a3 Bd6 7.b4 O-O 8.Bb2 Qe7
9.Qc2 Re8 10.h3 a6 11.c5 Bc7 12.Bd3 e5 13.dxe5 Nxe5 14.Nxe5 Bxe5 15.O-O Bc7
16.Rae1 Ne4 17.f4 f5 18.Bxe4 dxe4 19.Ne2 Be6 20.Nd4 Rad8 21.g4 fxg4 22.f5 Bf7
23.f6 Qd7 24.Nf5 g6 25.Rd1 Qe6 26.Ng7 Qc8 27.Nxe8 Rxe8 28.hxg4 Qxg4+ 29.Qg2 Qe6
30.Rd2 h6 31.Rfd1 Qb3 32.Qf2 Be5 33.Bxe5 Rxe5 34.Rd8+ Kh7 35.Qf4 Rg5+ 36.Kh1 Qe6
37.R1d2 Rh5+ 38.Rh2 g5 39.Qc7 Qxf6 40.Rxh5 Qf1+ 41.Kh2 Qf2+ 42.Kh1 Qf1+  1/2-1/2

[Event "Arnold Cup"]
[Site "Gausdal"]
[Date "1993.??.??"]
[Round "4"]
[White "Ward, Christopher"]
[Black "Gausel, Einar"]
[Result "0-1"]
[WhiteElo "2430"]
[BlackElo "2485"]

1.d4 d5 2.c4 e6 3.Nc3 c6 4.e3 Nf6 5.Nf3 Nbd7 6.Qc2 Bd6 7.b3 O-O 8.Be2 Re8
9.O-O Qe7 10.Rd1 dxc4 11.bxc4 e5 12.Rb1 e4 13.Nd2 Nf8 14.a4 h5 15.c5 Bb8
16.Ba3 Qc7 17.g3 Qe7 18.Nc4 N8h7 19.Nd6 Bxd6 20.cxd6 Qd7 21.Bf1 Ng5 22.Bg2 Qf5
23.Ne2 Nf3+ 24.Kh1 Ng4 25.Nf4 g5 26.Nh3 h4 27.gxh4 Ngxh2 28.Qc5 Qg4 29.d7 Bxd7
30.Rxb7 Be6 31.Qd6 Nxh4 32.Qg3 Qxd1+ 33.Kxh2 Qh5 34.Qxg5+ Qxg5 35.Nxg5 Nxg2
36.Kxg2 Kg7 37.Bd6 Kg6 38.Bf4 Bd5 39.Nh3 Be6 40.Ng1 Bg4 41.Kg3 Rg8 42.Rc7 Kf5
43.Kh2 Bf3 44.Rxf7+ Ke6 45.Nxf3 exf3 46.Rh7 Kf5 47.Rf7+ Ke4 48.Bg3 Rh8+ 49.Kg1 Raf8
50.Rg7 Kd3 51.Rg6 Rh5 52.Be5 Rf7 53.Rxc6 Rfh7  0-1